Представление документа в формате RUSMARC

ПолеНазваниеЗначение
  Тип записи a
  Библиографический уровень m
001 Контрольный номер 3ac0fd9f75204c69bef6838c0da6e686
005 Дата корректировки 20140605131111.5
101 Язык документа 0_
a Язык текста rus
102 Страна публикации __
a Страна публикации RU
200 Заглавие и сведения об ответственности 1_
a Заглавие Коллективный договор: на период с 2007 по 2008 год
e Сведения, относящиеся к заглавию заключен на проф. конф. РУК 10 дек. 2006 г.
f Первые сведения об ответственности АНО ВПО Центросоюза РФ РУК
210 Выходные данные 1_
c Издательство РУК
a Место издания Мытищи
d Дата издания 2006
215 Физическое описание __
a Объем 92 с.
610 Ключевые слова 0_
a Ключевые слова коллективный договор
610 Ключевые слова 0_
a Ключевые слова трудовое право
686 Индексы других классификаций __
a Классификационный индекс 67.627
2 Код системы rubbk
801 Источник записи _0
a Страна RU
b Организация РУК
c Дата составления 20070327
g Правила каталогизации PSBO
801 Источник записи _1
a Страна RU
b Организация РУК
c Дата составления 20070327
g Правила каталогизации PSBO
852 Данные о местонахождении __
j Шифр хранения ББК 67
i Авторский знак К 60
901 Тип документа __
t Тип документа m
912 Принадлежность преподавателя к РУК __
a Принадлежность преподавателя к РУК Преподаватель Головного вуза
938 Служебная информация __
a Название организации Головной вуз
b Имя БД BOOK
c Название АИБС АИБС ИРБИС
972 __
a АНО ВПО ЦС РФ РУК